01129nam a2200253Ia 4500003000900000008004100009020001800050040001600068080002200084111009300106245022300199260006100422300001500483490003400498650002300532650002100555650002900576700003000605700003200635710004600667942000700713999001700720952013800737IN-BaIIA211028s9999 xx 000 0 eng d a1-58381-203-2 cIIA Library a082.2:52bASP-337 aMeeting on the Nature and Evolution of Disks Around Hot StarscUSAd2004 July 7-9930462 4aThe nature and evolution of disks around hot starsbproceedings of a meeting held in Johnson City, Tennessee, USA, 7-9 Jul 2004cedited by Richard Ignace and K. G. Gayley  aSan FranciscobAstronomical Society of the Pacificc2005 axiv, 358p. aASP conference series; v. 337 aEarly stars930463 aHot stars914693 aStars - evolution910853 aGayley, K. G., ed.930464 aIgnace, Richard, ed.930465 aAstronomical Society of the Pacific91154 cBK c16427d16427 00104070aBANbBANcGENd2007-03-02eASP g3411.10l0o082.2:52/ ASP-337p17349r2021-11-05v3411.10w2007-03-02yBKGRs. 3411.10